Pedagogická revue z pohľadu čitateľov

Bibliographic Details
Main Author: Ondrejkovič, Peter, 1940-2021 (Author)
Format: Article
Language:Slovak
Subjects:

MARC

LEADER 00000nab a2200000 a 4500
001 vtls000539820
003 SK-MaSNL
005 20260304090308.0
008 250425c1994 xo 0 slo
015 |a SNBRB19rr/mm-uuuuu 
035 |a CL0539958 
035 |a urn:nbn:sk:snk-ab7jat 
035 |a (urnnbn)urn:nbn:sk:snk:ar-005yb9 
035 |a (uuid)37112555-4311-4cb8-aff8-0f4946d3ff99 
040 |a SNKBUCL  |b slo  |c SNKBUCL  |e AACR2 
041 0 |a slo 
044 |a xo  |c SK 
080 |a 37.01:05.001.5  |2 1981 
080 |a 05:37.01.001.5  |2 1981 
100 1 |a Ondrejkovič, Peter,  |d 1940-2021  |4 aut  |9 206389 
245 1 0 |a Pedagogická revue z pohľadu čitateľov  |c P. Ondrejkovič 
650 0 7 |a Pedagogická revue (časopis)  |2 snkbucl  |9 1181895 
655 7 |a články z novín a časopisov  |2 snkbucl  |9 267496 
773 0 |t Pedagogická revue  |g Roč. 46, č. 9-10 (1994), s. 495-498 
850 |a Slovenská národná knižnica 
852 |a Slovenská národná knižnica 
954 |a odborná, vedecká literatúra pôvodná (slovenská)  |2 lita 
958 |a article7 
958 |a RK 
958 |a OND 
958 |a EUIPO 
992 |a RBX 
999 |c 2811019  |d 2812949